[Event "AUTO-ADV-4778"]
[Site "http://www.queenalice.com/game.php?id=1834390"]
[Date "2024.3.31"]
[Round "1"]
[White "marcoswerneck"]
[Black "Daniel1962"]
[Result "0-1"]
[WhiteElo "1818"]
[BlackElo "1857"]

1. e4 e5 2. d3 d6 3. h3 Nc6 4. Nf3 Be7 5. a3 b6 6. Be3 Bb7 7. Be2 Nf6 8. Nc3 Nd4
9. Nxd4 exd4 10. Bxd4 c5 11. Be3 h6 12. Qd2 d5 13. O-O-O d4 14. Bxh6 dxc3 15.
Qxc3 Rxh6 16. g4 Rh8 17. f4 Qc7 18. g5 Qxf4+ 19. Kb1 Qxg5 20. Rhg1 Qh6 21. Bg4
Nxg4 22. hxg4 Bf6 23. e5 Bg5 24. d4 cxd4 25. Qc7 Bc8 26. e6 Bxe6 27. Qc6+ Ke7
28. Qb7+ Kf6 29. Rxd4 Be3 30. g5+ Bxg5 31. Qf3+ Kg6 32. Qd3+ Bf5 33. Rd6+ f6 34.
Qd1 Rac8 35. Ka1 Rxc2 36. Rd5 Qh2 37. Rxf5 Kxf5 38. Qd3+ Ke6 39. Re1+ Kf7 40.
Qb3+ Kg6 41. Kb1 Rhc8 42. Qd3+ Kh6 43. Qb3 Rc1+ 44. Rxc1 Bxc1 0-1

[Event "AUTO-ADV-4778"]
[Site "http://www.queenalice.com/game.php?id=1834391"]
[Date "2024.3.31"]
[Round "1"]
[White "Daniel1962"]
[Black "marcoswerneck"]
[Result "1-0"]
[WhiteElo "1841"]
[BlackElo "1834"]

1. e4 e5 2. Bc4 Nf6 3. d3 h6 4. Nf3 d6 5. Nc3 a6 6. Nd5 Nxd5 7. Bxd5 c6 8. Bb3
Nd7 9. Bd2 Nc5 10. O-O Be6 11. Bxe6 Nxe6 12. c4 Be7 13. Qb3 Nc5 14. Qc2 Ne6 15.
b4 Nd4 16. Nxd4 exd4 17. c5 O-O 18. cxd6 Bxd6 19. Rae1 Qh4 20. e5 Bc7 21. Qb3 b5
22. f4 Qe7 23. f5 Kh8 24. f6 Qe6 25. fxg7+ Kxg7 26. Re4 Bxe5 27. Qxe6 Bxh2+ 28.
Kxh2 fxe6 29. Rxf8 Rxf8 30. Rxe6 Rf6 31. Re4 Rf2 32. Be1 Rxa2 33. Re6 Ra3 34.
Rxc6 Rxd3 35. Rxa6 Rd1 36. Bg3 d3 37. Bf4 Kf7 38. Bxh6 d2 39. Rd6 Ke7 40. Rd3
Kf7 41. Bxd2 Ke6 42. g4 Kf7 43. Kh3 Kg6 44. Kh4 Rh1+ 45. Kg3 Rg1+ 46. Kf3 Rf1+
47. Ke4 Rd1 48. Rd5 Kf7 49. Bc3 1-0

[Event "AUTO-ADV-4780"]
[Site "http://www.queenalice.com/game.php?id=1834708"]
[Date "2024.4.7"]
[Round "1"]
[White "Merlin_AAC"]
[Black "Daniel1962"]
[Result "1-0"]
[WhiteElo "1921"]
[BlackElo "1865"]

1. e4 e5 2. Nf3 d6 3. Bc4 h6 4. d4 exd4 5. O-O Bg4 6. e5 Nc6 7. exd6 Qxd6 8.
Re1+ Nce7 9. Bxf7+ Kxf7 10. h3 Bh5 11. Na3 Nf6 12. Nc4 Qc5 13. Nce5+ Kg8 14. c4
Bxf3 15. Qxf3 c6 16. b3 b5 17. cxb5 Qxb5 18. a4 Qa5 19. Ba3 c5 20. Qxa8 Nf5 21.
Qc6 Bd6 22. Nc4 Qc7 23. Qxc7 Bxc7 24. Bxc5 a5 25. Ne5 Bxe5 26. Rxe5 g6 27. Re6
Kf7 28. Ra6 d3 29. Ra7+ Ke6 30. Ra6+ Kf7 31. Bb6 Rc8 32. Bxa5 Ne4 33. Rd1 Nc5
34. Ra7+ Kf6 35. Bc3+ Kg5 36. b4 Ne4 37. Bd2+ Nxd2 38. Rxd2 Rc1+ 39. Kh2 h5 40.
Rxd3 Rc2 41. b5 Rxf2 42. b6 Nh4 43. Rg3+ Kh6 44. b7 Rb2 45. a5 Nf5 46. Rd3 Ne7
47. Rd6 h4 48. b8=R Rxb8 49. Rxe7 Kh5 50. a6 g5 51. Rh7# 1-0

[Event "AUTO-ADV-4780"]
[Site "http://www.queenalice.com/game.php?id=1834709"]
[Date "2024.4.7"]
[Round "1"]
[White "Daniel1962"]
[Black "Merlin_AAC"]
[Result "0-1"]
[WhiteElo "1849"]
[BlackElo "1935"]

1. d4 e5 2. dxe5 Bc5 3. Nf3 h6 4. e3 a6 5. Bc4 Qe7 6. Nc3 c6 7. Ne4 b5 8. Nxc5
bxc4 9. Qd4 f6 10. Qxc4 d5 11. Qc3 Be6 12. Nxe6 Qxe6 13. exf6 Nxf6 14. Qb4 Nbd7
15. Nd4 Qe4 16. O-O c5 17. Qb7 Rb8 18. Qxa6 cxd4 19. exd4 O-O 20. c3 Rb6 21. Qa4
Ne5 22. Qd1 Ng6 23. f3 Qf5 24. a4 Ne8 25. a5 Rbf6 26. a6 Nc7 27. a7 Ra8 28. Qb3
Rff8 29. Re1 Qd7 30. Qc2 Qd6 31. Qe2 Rfe8 32. Qd2 Rxe1+ 33. Qxe1 Nb5 34. f4 Qd7
35. Qg3 Ne7 36. Qf3 Nxa7 37. h3 Re8 38. Ra5 Nac6 39. Rc5 Ra8 40. b4 Ra1 41. Qe3
Nf5 42. Qd2 Nce7 43. Kh2 Ra6 44. b5 Rg6 45. Ba3 Ng3 46. Qf2 Ne4 47. Qh4 Nxc5 48.
Bxc5 Nf5 49. Qe1 Re6 50. Qb1 Re4 51. g4 Nd6 52. b6 h5 53. Bxd6 Qxd6 54. b7 Qxf4+
55. Kh1 Qf3+ 56. Kg1 Qg3+ 57. Kf1 Qxh3+ 58. Kf2 Qh2+ 59. Kf3 Qe2+ 60. Kg3 Rxg4+
0-1

[Event "AUTO-ADV-4780"]
[Site "http://www.queenalice.com/game.php?id=1834725"]
[Date "2024.4.7"]
[Round "1"]
[White "Jomaley"]
[Black "Daniel1962"]
[Result "0-1"]
[WhiteElo "1591"]
[BlackElo "1856"]

1. e4 c5 2. Bc4 Nf6 3. Qf3 Nc6 4. Bxf7+ Kxf7 5. d3 Nd4 6. Qd1 e5 7. Bg5 Be7 8.
Bxf6 Bxf6 9. c3 Nc6 10. Nf3 d5 11. exd5 Qxd5 12. O-O Bg4 13. h3 Bxf3 14. gxf3
Rag8 15. c4 Qe6 16. f4 exf4 17. Qf3 g5 18. Nc3 Nd4 19. Qxb7+ Be7 20. Kg2 f3+ 21.
Kh2 h5 22. Ne4 g4 23. Nxc5 Qe5+ 24. Kh1 g3 25. fxg3 Qxg3 26. Rxf3+ Nxf3 27. Rf1
Qh2# 0-1

[Event "AUTO-ADV-4780"]
[Site "http://www.queenalice.com/game.php?id=1834726"]
[Date "2024.4.7"]
[Round "1"]
[White "Daniel1962"]
[Black "dimitridruloza2012"]
[Result "0-1"]
[WhiteElo "1929"]
[BlackElo "1816"]

1. c4 g6 2. Nc3 Bg7 3. d4 b6 4. Nf3 Bb7 5. d5 Nf6 6. Ng5 h6 7. Nge4 c6 8. dxc6
Bxc6 9. Qd3 Na6 10. Nxf6+ Bxf6 11. e4 Nb4 12. Qd2 a5 13. Nd5 Bxd5 14. cxd5 Rc8
15. Bd3 Qc7 16. O-O Be5 17. f4 Bf6 18. e5 Bg7 19. d6 Qc5+ 20. Kh1 exd6 21. exd6
O-O 22. f5 Qxd6 23. fxg6 Nxd3 24. gxf7+ Rxf7 25. Rxf7 Kxf7 26. a4 Qg6 27. Ra3
Rxc1+ 0-1

[Event "AUTO-ADV-4780"]
[Site "http://www.queenalice.com/game.php?id=1834727"]
[Date "2024.4.7"]
[Round "1"]
[White "dimitridruloza2012"]
[Black "Daniel1962"]
[Result "1-0"]
[WhiteElo "1837"]
[BlackElo "1908"]

1. g3 d5 2. Bg2 Bf5 3. b3 Nc6 4. Bb2 f6 5. Nc3 d4 6. Bxc6+ bxc6 7. Na4 Qd5 8.
Nf3 Nh6 9. d3 Ng4 10. Qd2 c5 11. Qa5 e6 12. Qxc7 e5 13. O-O-O Nxf2 14. Rhf1 Nxd1
15. Kxd1 Bd6 16. Qa5 O-O 17. Nh4 Bd7 18. Rf3 e4 19. Rf2 e3 20. Rf1 Qg2 21. Nxg2
Rfc8 22. Kc1 Bc7 23. Qxc5 Bxa4 24. Qc4+ Kh8 25. Qxa4 Be5 26. Bxd4 Bxd4 27. Qxd4
Rc7 28. Nxe3 Rac8 29. Kb2 h6 30. c4 Kh7 31. Nd5 Rc5 32. Ne7 1-0

[Event "AUTO-ADV-4781"]
[Site "http://www.queenalice.com/game.php?id=1835025"]
[Date "2024.4.12"]
[Round "1"]
[White "Daniel1962"]
[Black "Carlos19"]
[Result "0-1"]
[WhiteElo "1865"]
[BlackElo "1656"]

1. e4 e5 2. Bc4 Nf6 3. d3 d6 4. Nc3 a6 5. Nf3 b5 6. Nd5 bxc4 7. dxc4 Nxe4 8. Qe2
f5 9. Bg5 Nf6 10. c3 Be7 11. Nxe7 Qxe7 12. O-O-O h6 13. Bxf6 Qxf6 14. c5 e4 15.
cxd6 cxd6 16. Rhe1 O-O 17. Nd4 d5 18. h3 g5 19. f3 Nc6 20. Nxc6 Qxc6 21. g4 exf3
22. Qxf3 Be6 23. gxf5 Rxf5 24. Qh5 Rf6 25. Rg1 Qe8 26. Qe2 Bxh3 27. Qd3 Be6 28.
Rd2 Rf5 29. b4 a5 30. a4 axb4 31. cxb4 Rc8+ 32. Kb2 Qxa4 33. Qb3 Qxb3+ 34. Kxb3
Rf3+ 35. Ka4 Rf7 36. Rh2 Ra8+ 37. Kb3 d4+ 38. Kc2 Ra2+ 39. Kd3 Rxh2 40. Kxd4 Bd7
41. Kc5 Rc2+ 42. Kd4 Rf4+ 43. Kd3 Rb2 0-1

[Event "AUTO-ADV-4781"]
[Site "http://www.queenalice.com/game.php?id=1835026"]
[Date "2024.4.12"]
[Round "1"]
[White "Carlos19"]
[Black "Daniel1962"]
[Result "0-1"]
[WhiteElo "1721"]
[BlackElo "1875"]

1. e4 c5 2. Bc4 e6 3. d3 Nc6 4. Nf3 Bd6 5. Nc3 Nf6 6. a3 Ng4 7. O-O Nce5 8. h3
Nxf3+ 9. Qxf3 Nh2 10. Qd1 Nxf1 11. Qxf1 Qc7 12. Kh1 f6 13. Nb5 Qb6 14. Nxd6+
Qxd6 15. f4 e5 16. f5 Qc6 17. Qf3 d6 18. Qh5+ Kd8 19. Qf7 Qd7 20. Qh5 b6 21. Be6
Qc7 22. Bxc8 Qxc8 23. Qf7 Qc7 24. Qxc7+ Kxc7 25. b4 cxb4 26. axb4 g5 27. g4 h5
28. Kg2 hxg4 29. hxg4 Rh4 30. b5 Rah8 31. Kf3 Rh2 32. Rxa7+ Kb8 33. Ke3 R8h3#
0-1

[Event "AUTO-ADV-4781"]
[Site "http://www.queenalice.com/game.php?id=1835027"]
[Date "2024.4.12"]
[Round "1"]
[White "Daniel1962"]
[Black "game"]
[Result "1-0"]
[WhiteElo "1849"]
[BlackElo "1579"]

1. e4 d6 2. Bc4 Nf6 3. d3 Nc6 4. Bg5 Nd4 5. Bxf6 gxf6 6. Nf3 c5 7. O-O Bg4 8.
Nbd2 Bh6 9. c3 Rg8 10. Qa4+ Kf8 11. Nh4 Bxd2 12. Bd5 Ne2+ 13. Kh1 Bg5 14. Nf5 e6
15. Bxb7 exf5 16. Bxa8 Qxa8 17. f3 Bh5 18. exf5 Qd5 19. Rae1 Qxd3 20. Rf2 Bh4
21. Rfxe2 Bxe1 22. Re8+ Kg7 23. Rxe1 Kh6 24. Qf4+ Rg5 25. h4 Qxf5 26. hxg5+ Qxg5
27. Qxd6 Qh4+ 28. Kg1 Qxe1+ 29. Kh2 Qh4+ 30. Kg1 Kg5 31. Qxc5+ f5 32. Qe7+ f6
33. Qg7+ Bg6 34. Kf1 Qh1+ 35. Kf2 h5 36. f4+ Kxf4 37. Qxg6 Qh4+ 38. g3+ Ke4 39.
gxh4 Ke5 40. Kf3 f4 41. Qe4+ Kd6 42. b4 1-0

[Event "AUTO-ADV-4781"]
[Site "http://www.queenalice.com/game.php?id=1835028"]
[Date "2024.4.12"]
[Round "1"]
[White "game"]
[Black "Daniel1962"]
[Result "1-0"]
[WhiteElo "1539"]
[BlackElo "1886"]

1. e3 e5 2. d4 Nc6 3. Nf3 exd4 4. Nxd4 Nxd4 5. exd4 d5 6. Qf3 c6 7. Qh5 Be6 8.
Bd3 g6 9. Qe5 Nf6 10. Bg5 Be7 11. Bh6 Bd6 12. Qg5 Be7 13. O-O Ng8 14. Qf4 Nxh6
15. Qxh6 Bg5 16. Qg7 Bf6 17. Qh6 Ke7 18. Qd2 h5 19. c4 dxc4 20. Be2 Bxd4 21. Rd1
c5 22. Re1 Kd7 23. Rd1 Qh4 24. Rf1 f5 25. Nc3 f4 26. Bf3 Bg4 27. Ne4 Bxf3 28.
gxf3 g5 29. Nxc5+ Kc6 30. Qxd4 Rad8 31. Qe5 Rhe8 32. Ne6 Rc8 33. Qc5+ Kd7 34.
Qd5+ Ke7 35. Rae1 Kf6 36. Qe5+ Ke7 37. Ng7+ Kd7 38. Nxe8 g4 39. Qf5+ Kd8 40.
Rd1+ Kxe8 41. Rfe1+ 1-0

[Event "AUTO-ADV-4781"]
[Site "http://www.queenalice.com/game.php?id=1835029"]
[Date "2024.4.12"]
[Round "1"]
[White "Daniel1962"]
[Black "pomar"]
[Result "0-1"]
[WhiteElo "1889"]
[BlackElo "1928"]

1. d4 e6 2. Nf3 d5 3. Nc3 Bb4 4. Bd2 c5 5. dxc5 Bxc5 6. e3 Bd7 7. Ne5 Qc7 8.
Nxd7 Nxd7 9. Bb5 Nf6 10. Bxd7+ Qxd7 11. a3 O-O 12. Ne2 Rac8 13. Nf4 Qb5 14. Bc3
Be7 15. Qf3 Ne4 16. Bd4 Rxc2 17. b4 Rfc8 18. Rd1 Rxf2 19. Qg4 Bxb4+ 20. axb4
Qxb4+ 0-1

[Event "AUTO-ADV-4781"]
[Site "http://www.queenalice.com/game.php?id=1835030"]
[Date "2024.4.12"]
[Round "1"]
[White "pomar"]
[Black "Daniel1962"]
[Result "1-0"]
[WhiteElo "1955"]
[BlackElo "1861"]

1. f3 e5 2. Kf2 Nf6 3. e3 d5 4. c4 Nc6 5. Qb3 Bc5 6. cxd5 Nxd5 7. Bc4 Nce7 8.
Nc3 c6 9. Nxd5 cxd5 10. Qb5+ Qd7 11. Qxc5 dxc4 12. Qxc4 b6 13. b3 Bb7 14. Ne2
O-O 15. Rd1 Nf5 16. Bb2 Rac8 17. Qg4 f6 18. e4 Rc2 19. Bc3 Bc8 20. exf5 Qxf5 21.
Qxf5 Bxf5 22. Rdc1 Rxc1 23. Rxc1 g5 24. g4 Bg6 25. Ng3 f5 26. gxf5 Bxf5 27. Bxe5
Bg4 28. Rc3 a5 29. Rc7 Rxf3+ 30. Kg2 Rd3 31. Bc3 Bf3+ 32. Kf2 Bd5 33. Rg7+ Kf8
34. Rxg5 Kf7 35. Ke2 h6 36. Rf5+ Ke6 37. Kxd3 b5 38. Bxa5 1-0

[Event "AUTO-ADV-4783"]
[Site "http://www.queenalice.com/game.php?id=1835438"]
[Date "2024.4.21"]
[Round "1"]
[White "Capixabba789"]
[Black "Daniel1962"]
[Result "1/2-1/2"]
[WhiteElo "1940"]
[BlackElo "1862"]

1. d4 d5 2. f4 Bf5 3. Nf3 Nc6 4. c3 Nf6 5. e3 Qd6 6. Be2 Bxb1 7. Rxb1 Ne4 8. O-O
O-O-O 9. Ne5 Nxe5 10. fxe5 Qg6 11. Bd3 e6 12. Qf3 Rd7 13. Bxe4 dxe4 14. Qf2 h5
15. b4 f5 16. Bb2 h4 17. h3 Qf7 18. a4 g5 19. b5 g4 20. hxg4 Qg7 21. c4 Qxg4 22.
c5 h3 23. g3 Rdh7 24. Kh2 Rg8 25. Qf4 Qe2+ 26. Qf2 Qxf2+ 27. Rxf2 Bh6 28. Re2
Bf8 29. Rg1 b6 30. c6 Bb4 31. Bc1 Kd8 32. Bd2 1/2-1/2

[Event "AUTO-ADV-4783"]
[Site "http://www.queenalice.com/game.php?id=1835446"]
[Date "2024.4.21"]
[Round "1"]
[White "chessman"]
[Black "Daniel1962"]
[Result "1-0"]
[WhiteElo "1967"]
[BlackElo "1861"]

1. e4 e5 2. Nf3 d6 3. d4 exd4 4. Nxd4 Nf6 5. Bd3 c5 6. Bb5+ Bd7 7. Bxd7+ Nbxd7
8. Nf5 Nxe4 9. O-O g6 10. Nxd6+ Bxd6 11. Re1 f5 12. Qxd6 Qa5 13. c3 O-O-O 14.
Qd1 Ne5 15. Qe2 Rd6 16. Bf4 Re6 17. f3 g5 18. Bxe5 Rxe5 19. fxe4 Rxe4 20. Qf2
Rxe1+ 21. Qxe1 f4 22. Qe6+ Kb8 23. Qe5+ Kc8 24. Qxh8+ Qd8 25. Qxd8+ Kxd8 26. Nd2
h5 27. Kf2 g4 28. Ne4 h4 29. Nxc5 g3+ 30. hxg3 fxg3+ 31. Kf3 b6 32. Ne4 Kc7 33.
Rd1 a5 34. Rd6 b5 35. Kg4 b4 36. cxb4 axb4 37. Kxh4 1-0

[Event "AUTO-ADV-4783"]
[Site "http://www.queenalice.com/game.php?id=1835447"]
[Date "2024.4.21"]
[Round "1"]
[White "Daniel1962"]
[Black "chessman"]
[Result "0-1"]
[WhiteElo "1854"]
[BlackElo "2069"]

1. e4 e6 2. Nf3 d5 3. exd5 exd5 4. Nc3 Nf6 5. Be2 c6 6. Ne5 Be7 7. d4 O-O 8. Bg4
Bxg4 9. f3 Be6 10. Bg5 a6 11. Qd3 Nbd7 12. Nxd7 Qxd7 13. Bxf6 Bxf6 14. Ne2 Bf5
15. Qb3 Rfe8 16. O-O-O Rxe2 17. c3 Rc2+ 18. Kb1 Rxc3+ 0-1

[Event "AUTO-ADV-4772"]
[Site "http://www.queenalice.com/game.php?id=1835470"]
[Date "2024.4.22"]
[Round "2"]
[White "WHUSIRO"]
[Black "Daniel1962"]
[Result "1-0"]
[WhiteElo "2131"]
[BlackElo "1851"]

1. e4 e5 2. Nf3 d6 3. d4 Nd7 4. dxe5 Qe7 5. Bg5 f6 6. exf6 Ngxf6 7. Nc3 h6 8.
Bxf6 Nxf6 9. Qd4 c5 10. Bb5+ Bd7 11. Bxd7+ Qxd7 12. Qd3 g5 13. O-O-O a6 14. Rhe1
Ng4 15. Qe2 Bg7 16. h3 Ne5 17. Nd5 Nxf3 18. Nb6 Qb5 19. Qxb5+ axb5 20. Nxa8 Nxe1
21. Rxe1 O-O 22. Nc7 b4 23. f3 c4 24. Ne6 Ra8 25. Nxg7 Kxg7 26. Kb1 b3 27. a3
bxc2+ 28. Kxc2 b5 29. Rd1 Rd8 30. Rd5 b4 31. axb4 Kf6 32. Kc3 Ke6 33. b5 Rb8 34.
Kb4 Rc8 35. b6 Rb8 36. Kb5 h5 37. Ka6 Kd7 38. Ka7 Kc8 39. Rxd6 Rb7+ 40. Ka6 g4
41. Rd8+ Kxd8 42. Kxb7 gxf3 43. gxf3 1-0

[Event "AUTO-ADV-4772"]
[Site "http://www.queenalice.com/game.php?id=1835471"]
[Date "2024.4.22"]
[Round "2"]
[White "Daniel1962"]
[Black "WHUSIRO"]
[Result "0-1"]
[WhiteElo "1860"]
[BlackElo "2140"]

1. d4 Nf6 2. Bf4 e6 3. Nc3 Bb4 4. Qd3 Bxc3+ 5. Qxc3 Nd5 6. Qg3 Nxf4 7. Qxf4 O-O
8. Nf3 f5 9. O-O-O b6 10. h3 Bb7 11. g4 fxg4 12. Qxg4 Bxf3 13. exf3 Qf6 14. f4
Qxf4+ 15. Qxf4 Rxf4 16. Bg2 Nc6 17. Bxc6 dxc6 18. Rde1 Kf7 19. Rhf1 Rd8 20. c3
Rd5 21. f3 Rh5 22. Re4 Rhf5 23. Rxf4 Rxf4 24. Kd2 Kf6 25. Ke3 g5 26. a4 h5 27.
b4 c5 28. dxc5 bxc5 29. Rb1 Rh4 30. Rh1 cxb4 31. cxb4 Rxb4 32. a5 Ke5 33. Rc1
Rb3+ 34. Ke2 Kd6 35. Rg1 Rb5 36. a6 c6 37. Rd1+ Kc5 38. Rd7 Kb6 39. Rb7+ Kxa6
40. Rxb5 Kxb5 41. Ke3 a5 42. Kd3 a4 43. Kc3 a3 44. Kb3 Kc5 45. Kxa3 Kd4 46. Kb4
Ke3 47. Kc5 Kxf3 48. Kxc6 e5 49. Kd5 e4 50. Ke5 g4 51. hxg4 hxg4 0-1

[Event "AUTO-ADV-4772"]
[Site "http://www.queenalice.com/game.php?id=1835474"]
[Date "2024.4.22"]
[Round "2"]
[White "Daniel1962"]
[Black "maurice916"]
[Result "1/2-1/2"]
[WhiteElo "1838"]
[BlackElo "1871"]

1. c4 c6 2. Nc3 d5 3. cxd5 cxd5 4. d4 Nf6 5. Nf3 e6 6. Bg5 Be7 7. e3 Nc6 8. Bb5
Bd7 9. Ne5 a6 10. Bxc6 bxc6 11. Nxd7 Qxd7 12. Na4 O-O 13. Nb6 Qb7 14. Nxa8 Rxa8
15. O-O Qxb2 16. Qa4 Qb5 17. Qxb5 axb5 18. Bxf6 Bxf6 19. a3 Kf8 20. Rfc1 Rc8 21.
a4 bxa4 22. Rxa4 Rc7 23. Ra8+ Ke7 24. f4 h6 25. g4 Kd6 26. Kg2 c5 27. Ra6+ Rc6
28. dxc5+ Kd7 29. Rxc6 Kxc6 30. Kg3 Be7 31. h4 Bxc5 32. g5 h5 33. Kf3 Kd6 34. e4
d4 35. e5+ Kd5 36. Ra1 d3 37. Rd1 Kd4 38. Rd2 Bb4 39. Rd1 g6 40. Rc1 Ba3 41. Rc7
d2 42. Ke2 Bb4 43. Rxf7 Ke4 44. Kd1 Kf3 45. Rf6 Kg4 46. f5 exf5 47. Rxg6 Kxh4
48. e6 f4 49. Rg7 f3 50. e7 f2 51. Rf7 Bxe7 52. Rxf2 Kxg5 53. Kxd2 Kg4 54. Ke2
h4 55. Rg2+ Kh3 56. Kf3 1/2-1/2

[Event "AUTO-ADV-4772"]
[Site "http://www.queenalice.com/game.php?id=1835475"]
[Date "2024.4.22"]
[Round "2"]
[White "maurice916"]
[Black "Daniel1962"]
[Result "1/2-1/2"]
[WhiteElo "1885"]
[BlackElo "1836"]

1. Nf3 d5 2. e3 Nc6 3. b3 Bf5 4. d3 e5 5. Bb2 e4 6. dxe4 dxe4 7. Nd4 Nxd4 8.
exd4 c5 9. Bb5+ Bd7 10. Bxd7+ Qxd7 11. O-O Nf6 12. dxc5 Qxd1 13. Rxd1 Bxc5 14.
Ba3 Bb6 15. c4 e3 16. c5 Bc7 17. fxe3 Ng4 18. h3 Bh2+ 19. Kh1 Nf2+ 20. Kxh2 Nxd1
21. Nd2 Nf2 22. Nf3 O-O 23. c6 bxc6 24. Bxf8 Kxf8 25. Nd4 c5 26. Nf3 Re8 27. Re1
Nd3 28. Re2 Rc8 29. Nd2 h5 30. Kg3 g5 31. Kh2 g4 32. hxg4 hxg4 33. e4 Re8 34.
Nc4 f5 35. e5 f4 36. Rd2 Nxe5 37. Nxe5 Rxe5 38. Kg1 g3 39. Kf1 Kg7 40. Rd7+ Kf6
41. Rxa7 Kf5 42. Rd7 Ke4 43. Rd2 f3 44. gxf3+ Kxf3 45. Rd3+ Re3 46. Rxe3+ Kxe3
47. a4 Kd4 48. a5 Kd5 49. Kg2 Kc6 50. Kxg3 Kb5 51. Kf3 Kxa5 52. Ke4 Kb4 53. Kd5
Kxb3 54. Kxc5 Ka2 1/2-1/2

[Event "AUTO-ADV-4784"]
[Site "http://www.queenalice.com/game.php?id=1835651"]
[Date "2024.4.24"]
[Round "1"]
[White "SGF"]
[Black "Daniel1962"]
[Result "1-0"]
[WhiteElo "1761"]
[BlackElo "1839"]

1. e4 c5 2. Bc4 e6 3. Qf3 Nc6 4. c3 Nf6 5. d3 Bd6 6. Bg5 Ne5 7. Qe2 Neg4 8. h3
Ne5 9. f4 Nxc4 10. dxc4 b6 11. e5 h6 12. Bxf6 gxf6 13. exd6 Bb7 14. f5 Rg8 15.
Rh2 Rg5 16. g4 Qb8 17. h4 Rg8 18. Rf2 Qxd6 19. fxe6 fxe6 20. Rxf6 Qg3+ 21. Qf2
Qxg4 22. Nd2 Qxg1+ 23. Qxg1 Rxg1+ 24. Nf1 Bg2 25. Ke2 Bh3 26. Rxh6 O-O-O 27. Rf6
Rdg8 28. Re1 R1g2+ 29. Rf2 R2g4 30. Ne3 Rxh4 31. Kd3 d5 32. cxd5 exd5 33. Nxd5
Rg3+ 34. Kc2 Bg2 35. Re7 Rh8 36. Nf4 Bc6 37. Rxa7 Kb8 38. Re7 Ba4+ 39. b3 Bc6
40. a4 Bb7 41. Ne6 Re3 42. Kd2 Rhh3 43. Re8+ Bc8 44. Rff8 Rd3+ 45. Ke2 Rhe3+ 46.
Kf2 Rxc3 47. Rxc8+ Kb7 48. Rb8+ Kc6 49. Rfc8+ Kd6 50. Rxb6+ Kd5 51. Nf4+ Ke4 52.
Ne2 Rf3+ 53. Kg2 Rcd3 54. Re8+ Kf5 55. Rf8+ Kg4 56. Rg6+ Kh5 57. Rxf3 Rxf3 58.
Kxf3 Kxg6 59. a5 1-0

[Event "AUTO-ADV-4784"]
[Site "http://www.queenalice.com/game.php?id=1835652"]
[Date "2024.4.24"]
[Round "1"]
[White "Daniel1962"]
[Black "SGF"]
[Result "0-1"]
[WhiteElo "1855"]
[BlackElo "1827"]

1. e4 e5 2. Bc4 Qf6 3. Nf3 d6 4. d4 h6 5. Nc3 c6 6. dxe5 dxe5 7. Be3 Be7 8. Qd3
b5 9. Bb3 a5 10. a3 b4 11. axb4 Bxb4 12. O-O Ba6 13. Bc4 Bxc4 14. Qxc4 Ne7 15.
Bc5 Bxc5 16. Qxc5 Nd7 17. Qe3 g5 18. Rfd1 Rd8 19. Rxa5 O-O 20. b4 Nb6 21. Nxe5
Rxd1+ 22. Nxd1 Rd8 23. Qe2 Qd6 24. Nd3 Nc4 25. Ra1 Ne5 26. Nxe5 Qxe5 27. Rc1 Ng6
28. Ne3 Nf4 29. Qa6 Rd2 30. Qxc6 Ne2+ 31. Kh1 Nxc1 32. Nc4 Rd1# 0-1

[Event "AUTO-ADV-4784"]
[Site "http://www.queenalice.com/game.php?id=1835668"]
[Date "2024.4.24"]
[Round "1"]
[White "Daniel1962"]
[Black "chessman"]
[Result "1-0"]
[WhiteElo "1838"]
[BlackElo "2009"]

1. e4 e6 2. f4 d5 3. Nc3 d4 4. Na4 c5 5. Nf3 a6 6. f5 b5 7. fxe6 Bxe6 8. Nxc5
Bxc5 9. d3 Nc6 10. Bf4 Nf6 11. Ne5 Nxe5 12. Bxe5 O-O 13. h3 Nxe4 14. dxe4 Qh4+
15. g3 Qxe4+ 16. Qe2 Qxh1 17. O-O-O Qd5 18. b3 Ba3+ 19. Kb1 Bc5 20. Bg2 b4 21.
Bxd5 1-0